La pobreza en Costa Rica: estudios del Instituto de Investigaciones en Ciencias Económicas /

Este tomo reúne una cantidad de trabajos que se han realizado en el Instituto de Investigaciones en Ciencias Económicas de la Universidad de Costa Rica en torno al fenómeno de la pobreza, su delimitación conceptual - teórica y sus múltiples facetas de medición, así como su estimación en Costa Rica d...

ver descrição completa

Na minha lista:
Detalhes bibliográficos
Autor principal: Trejos Solórzano, Juan Diego (compilador)
Formato: Texto
Idioma:Spanish
Publicado em: Costa Rica: Instituto de Investigaciones en Ciencias Económicas, Universidad de Costa Rica 2011
Assuntos:
Tags: Adicionar Tag
Sem tags, seja o primeiro a adicionar uma tag!

MARC

LEADER 00000 a a2200000 04500
001 44093
003 cru CIDCACS/IIS
005 20230606092200.0
008 230606e2011 cr ||||| |||| 00| 0 spa d
020 |a 978-9968-824-08-8  
040 |c CRAI/IIS 
090 |a 03.02.05 T787p T.2  
100 |a Trejos Solórzano, Juan Diego   |e compilador  
245 |a La pobreza en Costa Rica: estudios del Instituto de Investigaciones en Ciencias Económicas /   |c Juan Diego Trejos Solórzano, compilador  
260 |a Costa Rica:   |b Instituto de Investigaciones en Ciencias Económicas, Universidad de Costa Rica   |c 2011 
300 |a Tomo II, 719 páginas :   |b tablas, gráficos  
520 |a Este tomo reúne una cantidad de trabajos que se han realizado en el Instituto de Investigaciones en Ciencias Económicas de la Universidad de Costa Rica en torno al fenómeno de la pobreza, su delimitación conceptual - teórica y sus múltiples facetas de medición, así como su estimación en Costa Rica durante las últimas dos décadas del siglo XX y parte del inicio del siglo XXI  
650 0 |9 284  |a POBREZA 
650 0 |9 1657  |a TEORIA 
650 4 |9 3211  |a METODOLOGIA 
650 0 |9 5250  |a MEDICION 
651 0 |9 32  |a COSTA RICA 
942 |2 ddc  |c LI  |h 03.02.05 T787p T.2   |i 14399  |6 030205_T787P_T2_14399 
999 |c 13456  |d 13456